Detalles MARC
| 000 -CABECERA |
| fixed length control field |
02473nam a2200337 4500 |
| 003 - CONTROL NUMBER IDENTIFIER |
| control field |
AR-BeUNQ |
| 005 - FECHA Y HORA DE LA ULTIMA TRANSACCION |
| control field |
20260505175152.0 |
| 008 - ELEMENTOS DE LONGITUD FIJA-INFORMACION GENERAL |
| fixed length control field |
230721b2022 ag bo||g ||||s00| 0 spa d |
| 040 ## - FUENTE DE CATALOGACION |
| Agencia de catalogación original |
AR-BeUNQ |
| Idioma de catalogación |
ESPAÑOL |
| Convenciones de la descripción |
aacr |
| Agencia que realiza la transcripción |
AR-BeUNQ |
| 041 ## - CODIGO DE IDIOMA |
| Código de idioma original |
ESPAÑOL |
| 044 ## - COUNTRY OF PUBLISHING/PRODUCING ENTITY CODE |
| MARC country code |
ag |
| 082 ## - NUMERO DE CLASIFICACION DECIMAL DEWEYMBER |
| Número de clasificación |
982 |
| Número de la edición |
21 |
| 245 00 - MENCION DE TITULO |
| Título |
Malvinas y el mar |
| 250 ## - MENCION DE EDICION |
| Mención de edición |
1a ed. |
| 260 ## - PUBLICACION, DISTRIBUCION, ETC. |
| Lugar de publicación, distribución, etc. |
Ciudad Autónoma de Buenos Aires : |
| Nombre del editor, distribuidor, etc. |
Ministerio de Educación, |
| Fecha de publicación, distribución, etc |
2022. |
| 300 ## - DESCRIPCION FISICA |
| Extensión |
123 p. : |
| Otros detalles físicos |
fot. col., mapas ; |
| Dimensiones |
21 cm. |
| 500 ## - NOTA GENERAL |
| Nota general |
Programa Educación y Memoria. |
| 504 ## - NOTA DE BIBLIOGRAFIA, ETC. |
| Nota de bibliografía, etc. |
Bibliografía al final de cada capítulo. |
| 505 0# - NOTA DE CONTENIDO |
| Nota de contenido con formato preestablecido |
Memorias de Malvinas desde el Atlántico Sur -- Presentación -- Prólogo -- Orientaciones para el aula -- Las Malvinas y el Atlántico Sur: historia y soberanía desde el mar. Las Malvinas y los espacios marítimos argentinos. Las Malvinas en la historia política del Atlántico Sur. Escenas de hospitalidad en el mar argentino: el Diario de María Sáez de Vernet. Las razones del reclamo de ejercicio pleno de la soberanía. El Atlántico Sur en el siglo XX. Bibliografía -- El mar y la guerra: memorias de Malvinas desde el mar. Breve crónica de la guerra. El hundimiento del ARA General Belgrano: los lazos solidarios entre rescatistas y sobrevivientes. Memorias del Belgrano. La sanidad en el mar durante la guerra y el papel de las veteranas. El mar como reencuentro con la vida. La guerra narrada desde el mar en la literatura argentina. Bibliografía -- Las islas: imágenes de la Nación. Las islas y la construcción de la identidad nacional. Las Malvinas como símbolo nacional: disputas en la historia cultural argentina. Las Malvinas y la guerra: entre el "país de los cuentos" y el mapa borroneado. Pensar Malvinas desde las escuelas. Bibliografía. |
| 650 #7 - ASIENTO SECUNDARIO DE MATERIA - TERMINO TEMATICO |
| Término temático o nombre geográfico como elemento de entrada |
Historia argentina |
| Fuente del encabezamiento o términ |
tha |
| 650 #7 - ASIENTO SECUNDARIO DE MATERIA - TERMINO TEMATICO |
| Término temático o nombre geográfico como elemento de entrada |
Guerra de Malvinas |
| Fuente del encabezamiento o términ |
tha |
| 651 ## - ASIENTO SECUNDARIO DE MATERIA - NOMBRE GEOGRAFICO |
| Nombre geográfico |
Islas Malvinas |
| Fuente del encabezamiento o término |
spines |
| 653 ## - TERMINO DE INDIZACION - NO CONTROLADO |
| Término de indización no controlado |
Soberanía |
| 710 ## - ASIENTO SECUNDARIO - NOMBRE CORPORATIVO |
| Nombre corporativo o de jurisdicción como elemento de entradantry element |
Argentina. |
| Unidad subordinada |
Ministerio de Educación |
| 929 1# - DATOS DE ADQUISICION |
| Procedencia |
DONACION |
| Proveedor |
Ministerio de Educación de la Nación |
| Precio |
0 |
| Fecha de recibido |
20230629 |
| Patrimonio UNQ |
PAT0080210 |
| Es copia |
1 |
| Número de inventario |
61355 |
| 929 ## - DATOS DE ADQUISICION |
| Procedencia |
DONACION |
| Proveedor |
Ministerio de Educación de la Nación |
| Fecha de recibido |
20230629 |
| Patrimonio UNQ |
PAT0080211 |
| Es copia |
2 |
| Número de inventario |
61356 |
| Orden de compra |
0 |
| 929 ## - DATOS DE ADQUISICION |
| Procedencia |
DONACION |
| Proveedor |
Ministerio de Educación de la Nación |
| Fecha de recibido |
20230629 |
| Patrimonio UNQ |
PAT0084979 |
| Es copia |
5 |
| Número de inventario |
62250 |
| 929 ## - DATOS DE ADQUISICION |
| Procedencia |
DONACION |
| Proveedor |
Minsiterio de Educación de la Nacion |
| Precio |
0 |
| Fecha de recibido |
14-03-2024 |
| Patrimonio UNQ |
PAT00822506 |
| Es copia |
3 |
| Número de inventario |
61498 |
| Orden de compra |
0 |
| 929 ## - DATOS DE ADQUISICION |
| Procedencia |
DONACION |
| Proveedor |
Minsiterio de Educación de la Nacion |
| Precio |
0 |
| Fecha de recibido |
14-03-2024 |
| Patrimonio UNQ |
PAT0083823 |
| Es copia |
4 |
| Número de inventario |
61620 |
| 942 ## - ELEMENTOS DE PUNTO DE ACCESO ADICIONAL (KOHA) |
| Tipo de ítem Koha |
Libros |
| Suppress in OPAC |
0 |